LEADER 01299nam a2200265 a 4500
001 13035617
008 100216s1998 bg b 100 0 eng d
010 |a  2002295361 
020 |a 9840801651 
040 |a DLC  |c DLC  |d DLC 
082 0 0 |a 954.9205  |2 21 
245 1 0 |a Civil society and democracy in Bangladesh /  |c edited by Mizan R. Khan, Mohammad Humayun Kabir. 
260 |a Dhaka :  |b Academic Press and Publishers in association with Bangladesh Institute of International and Strategic Studies,  |c 2002. 
300 |a viii, 198 p. ;  |c 22 cm. 
504 |a Includes bibliographical references. 
541 1 |e 00012464 
651 0 |a Bangladesh  |x Politics and government  |y 1971-  |v Congresses. 
651 0 |a Bangladesh  |x Social conditions  |v Congresses. 
700 1 |a Khan, Mizanur Rahman. 
700 1 |a Kabir, Mohammad Humayun. 
710 2 |a Bangladesh Institute of International and Strategic Studies. 
852 4 |a Ayesha Abed Library  |j General Shelf. 
999 |c 7559  |d 7559 
952 |0 0  |1 0  |2 ddc  |4 0  |6 954_920500000000000_CIV  |7 0  |9 8195  |a BRACUL  |b BRACUL  |c GEN  |d 2010-02-16  |l 0  |o 954.9205 CIV  |p 3010012464  |r 2010-02-16  |t 1  |w 2010-02-16  |y BK  |x Price not available in Register 
952 |0 0  |1 0  |2 ddc  |4 0  |6 954_920500000000000_CIV  |7 0  |9 43631  |a SCL  |b SCL  |c GEN  |d 2011-04-12  |g 250.00  |l 0  |o 954.9205 CIV  |p 3020007547  |r 2014-09-01  |t 2  |w 2014-09-01  |y BK